36 danh nữ Thăng Long Hà Nội
Giới thiệu những Hoàng phi, danh sĩ, mỹ nhân, ... đã sinh ra, lớn lên, từng sinh sống và cuộc đời họ gắn với Thăng Long - Hà Nội, góp phần vào sự phát triển của cố đô từ thuở khai sơn lập địa....
Spremljeno u:
| Glavni autor: | |
|---|---|
| Format: | Knjiga |
| Jezik: | Undetermined |
| Izdano: |
H.
Thanh Niên
2010
|
| Teme: | |
| Online pristup: | http://lrc.tdmu.edu.vn/opac/search/detail.asp?aID=2&ID=15270 |
| Oznake: |
Dodaj oznaku
Bez oznaka, Budi prvi tko označuje ovaj zapis!
|
| Thư viện lưu trữ: | Trung tâm Học liệu Trường Đại học Thủ Dầu Một |
|---|
| LEADER | 01022nam a2200205Ia 4500 | ||
|---|---|---|---|
| 001 | TDMU_15270 | ||
| 008 | 210410s9999 xx 000 0 und d | ||
| 082 | |a 920.720959731 | ||
| 090 | |b Đ552 | ||
| 100 | |a Đức Huy | ||
| 245 | 0 | |a 36 danh nữ Thăng Long Hà Nội | |
| 245 | 0 | |c Đức Huy | |
| 260 | |a H. | ||
| 260 | |b Thanh Niên | ||
| 260 | |c 2010 | ||
| 300 | |a 171tr. | ||
| 520 | |a Giới thiệu những Hoàng phi, danh sĩ, mỹ nhân, ... đã sinh ra, lớn lên, từng sinh sống và cuộc đời họ gắn với Thăng Long - Hà Nội, góp phần vào sự phát triển của cố đô từ thuở khai sơn lập địa. | ||
| 650 | |a Hà Nội (Việt Nam) |x Nhân vật |x Danh nhân; Nhân vật lịch sử |z Hà Nội (Việt Nam); Danh nhân |z Hà Nội (Việt Nam) | ||
| 856 | |u http://lrc.tdmu.edu.vn/opac/search/detail.asp?aID=2&ID=15270 | ||
| 980 | |a Trung tâm Học liệu Trường Đại học Thủ Dầu Một | ||